000 00508nam a22002177a 4500
003 UA-OsUOA
001 64162
007 ta
008 20091102b un ||||| |||| 00| 0 ukr d
090 _a(031)
_bЕ36
942 _cBK
040 _aUA-OsUOA
_brus
_cUA-OsUOA
_dUA-OsUOA
245 _aЕжегодник Большой Советской Энциклопедии
300 _a663 с.
955 _a2
041 _arus
080 _a(031)
260 _aМ.
_c1959
650 7 _2UDC
999 _c350164
_d350164